Nomi di piante, alberi, cereali, spezie, frutti ... (con foto) - Statistics

Statistiche generali
  • Questo quiz è stato fatto 86 volte
    64 dall'ultimo reset
  • Il punteggio medio è 74 su 150
Statistiche sulle risposte
con Immagini Hint Risposta % Corretto
albero Castagno
84%
Finocchio
81%
parte dell'albero foglia
81%
Lampone
81%
Peperone
81%
Basilico
79%
albero Betulla
79%
Edera
79%
Margherita
79%
Mirtillo
79%
Parte dell'albero pigna
79%
Piselli
79%
Tulipano
79%
albicocca
77%
Camomilla
77%
Cavolfiore
77%
parte dell'albero corteccia
77%
Girasole
77%
Peperoncino
77%
parte dell'albero radice
77%
anguria
74%
albero Baobab
74%
fico
74%
Lattuga
74%
Lavanda
74%
Menta
74%
Muschio
74%
albero Quercia
74%
Ravanello
74%
Rosmarino
74%
Salvia
74%
Cannella
72%
Ceci
72%
albero Ciliegio
72%
Papavero
72%
pesca
72%
Vaniglia
72%
albero Acero
70%
Bambù
70%
lenticchia
70%
parte della pianta petalo
70%
Porro
70%
parte dell'albero tronco
70%
fungo muffa
67%
Ninfea
67%
albero Pino silvestre
67%
prugna
67%
Zenzero
67%
Arachide
65%
albero Melo
65%
Noce moscata
65%
Ortica
65%
fungo porcino
65%
Parte della Pianta seme
65%
Parte dell'albero aghi
63%
carciofo
63%
fagiolo
63%
Mandorlo
63%
parte dell'albero ramo
63%
Rapa
63%
Felce
60%
Parte della Pianta germoglio
60%
fungo tartufo
60%
Violetta
60%
vite
60%
cachi
58%
sottaceto cetriolino
58%
Parte della Pianta chioma
58%
albero Cipresso
58%
erba cipollina
58%
ribes
58%
Orzo
56%
trifoglio
56%
zafferano
56%
Origano
53%
resina
53%
albero Sequoia
53%
cavolo
51%
parte dell'albero ceppo
51%
Curcuma
51%
nome generale legumi
51%
Zucca
51%
Parte della Pianta bocciolo
49%
Nome generale fogliame
49%
frumento
49%
melagrana
49%
Barbabietola
47%
parte della vite grappolo
47%
Garofano
44%
albero Palma da cocco
44%
tarassaco
44%
Narciso
42%
Parte della Pianta stelo
42%
albero Acacia
40%
anice
40%
Giglio
40%
Lichene
40%
albero nocciolo
40%
Prezzemolo
40%
Senape
40%
Aloe vera
37%
Canapa
37%
Alghe
35%
Rovo
35%
Ibisco
33%
Luppolo
33%
Canna da zucchero
30%
farro
30%
albero larice
28%
polline
28%
uva passa
28%
Abete rosso
26%
bietola
26%
albero Faggio
26%
parte della vite innesto
26%
Segale
26%
agave
23%
Colza
23%
Cumino
23%
ginepro
23%
albero Pioppo
23%
Rabarbaro
23%
Sambuco
23%
albero Abete bianco
21%
Aneto
21%
albero Cedro
21%
Timo
21%
bacche
19%
gelsomino
19%
nettarina
19%
albero Tiglio
19%
frutta a guscio
16%
iris
16%
assenzio
14%
calendula
14%
parte della piante gambo
14%
Miglio
14%
bulbo
12%
Semola
12%
parte della vite tralcio
12%
uva spina
12%
dattero
9%
erbaccia
9%
fungo ovolo malefico
9%
Aglio orsino
7%
croco
7%
parte della vite fusto
7%
sorba
5%
valeriana
5%
nome specifico granello di senape
0%
Nessun quiz corrispondente trovato
Distribuzione punteggi
Percentuale di utenti per punteggio
Percentile per numero di risposta
I tuoi punteggi nel tempo
Non hai fatto questo quiz dall'ultimo reset